Kraje najbliżej Senegalu - Jedna Minuta Sprint - Statystyki

Ogólne statystyki
  • Ten quiz został rozwiązany 115 razy
  • Średni wynik to 11 z 20
Statystyki odpowiedzi
km kraj % Poprawnych
0 Mali
84%
0 Gambia
83%
1233 Maroko
82%
0 Mauretania
80%
0 Gwinea
76%
0 Gwinea Bissau
68%
1317 Algieria
67%
938 Ghana
67%
1257 Niger
62%
262 Sierra Leone
55%
452 Liberia
54%
1591 Nigeria
54%
1231 Togo
54%
1340 Benin
52%
442 Côte d'Ivoire
45%
658 Burkina Faso
43%
479 Sahara Zachodnia
22%
571 Cabo Verde
20%
1231 Hiszpania
16%
1787 Portugalia
13%
Nie znaleziono quizów pasujących do podanych kryteriów
Rozkład punktacji
Procent ludzi z każdym wynikiem
Percentyl według liczby udzielonych odpowiedzi
Twoja historia wyników
Nie rozwiązałeś tego quizu